000 00532nam a2200157 4500
001 117928
003 ES-MaACL
005 20230906191010.0
007 t|
008 070214s1950 bl r ||||1| spa d
100 1 _aPerera, Ambrosio.
_990519
245 1 0 _aLo que se sabe y lo que no se sabe en orden a la fundación de Barquisimeto
_b: trabajo de crítica histórica /
_cAmbrosio Perera.
260 _aSao Paulo :
_b[s.n.],
_c1950 (
_fImp. Joâo Bentivegna)
300 _a52 p. ;
_c24 cm.
852 _aES-MaACL
_j1916-F-20
_bR.30286
999 _c117928
_d117928